| 000 | 01366nam a2200229Ia 4500 | ||
|---|---|---|---|
| 003 | Ost | ||
| 005 | 20260507074915.0 | ||
| 008 | 260507s9999||||xx |||||||||||||| ||und|| | ||
| 020 | _a9789957122100 | ||
| 040 | _cfsecg | ||
| 041 | _aara | ||
| 082 | _a658.8 | ||
| 100 |
_aالزعبي، علي فلاح _eمؤلف |
||
| 245 | 0 |
_aإدارة التسويق : _bمنظور تطبيقي استراتيجي / _c علي فلاح الزعبي |
|
| 260 |
_aعمان: _bدار اليازوري العلمية للنشر و التوزيع, _c2009 |
||
| 300 |
_a439 صفحة؛ _bإيضاحات ؛ _c25 سم |
||
| 520 | _aمقدمة في ادارة التسويق، العملية التسويقية، الفرص التسويقية، استراتيجية التسويق، بحوث التسويق، نظم المعلومات التسويقية، تخطيط العملية التسويقية، تنظيم وتنسيق العملية التسويقية، اتخاذ القرارات التسويقية، الرقابة والمراجعة التسويقية، التسويق الدولي، التسويق الالكتروني، تسويق الخدمات، تطبيقات ادارة التسويق للنماذج السلوكية | ||
| 653 | _aالادارة | ||
| 653 | _aتسويق | ||
| 653 | _aنظم المعلومات- المؤسسة الممتدة | ||
| 942 | _cكتاب | ||
| 999 |
_c41766 _d41766 |
||